| 000 | 00341nam a22000977a 4500 | ||
|---|---|---|---|
| 999 |
_c11079 _d11079 |
||
| 008 | 180824b ||||| |||| 00| 0 eng d | ||
| 020 | _a9789350073421 | ||
| 100 |
_aNational Council of Education _94721 |
||
| 245 |
_aAccountancy - XII _bCompany Accounts and Analysis of Financial Statments |
||
| 260 |
_aNew Delhi _bNational Council of Education _c2015 |
||